00557nmm a2200169Ia 4500008004100000020001800041041000800059100002500067245009800092264006900190300001800259490002200277650001400299856005000313942000700363999001700370251105s9999||||xx |||||||||||||||||und|| a9788492774098 aspa aMainer Baqué, Juan 0aPensar críticamente la educación escolar. Perspectivas y controversias historiográficas a[Madrid, España] :bPrensas Universitarias de Zaragoza, c2008 a254 páginas aCiencias sociales aEducation uhttps://public.digitaliapublishing.com/a/2150 cCF c89060d89060